Najlepsi strzelcy W historii Premier League. - Statystyki

Ogólne statystyki
  • Ten quiz został rozwiązany 299 razy
  • Średni wynik to 8 z 15
Statystyki odpowiedzi
Lata Narodowość Piłkarz % Poprawnych
2011-teraz Argentyna Aguero
89%
1999-2007, 2012-2012 Francja Henry
87%
2011-teraz Anglia Kane
84%
2002-2018 Anglia Rooney
84%
1992-2006 Anglia Shearer
76%
2004-2015 Holandia Van Persie
73%
1995-2015 Anglia Lampard
63%
1997-2004, 2005-2013 Anglia Owen
60%
1997-1999, 2002-2005, 2006-2012, 2013-2014 Francja Anelka
37%
1994-2008 Anglia Cole
37%
1999-2014, 2015-2020 Anglia Defoe
19%
1993-2008 Anglia Fowler
19%
1992-2007 Anglia Sheringham
18%
1997-1999, 2000-2007 Holandia Hasselbaink
15%
1995-2005 Anglia Ferdinand
11%
Nie znaleziono quizów pasujących do podanych kryteriów
Rozkład punktacji
Procent ludzi z każdym wynikiem
Percentyl według liczby udzielonych odpowiedzi
Twoja historia wyników
Nie rozwiązałeś tego quizu